| 000 | 00992cam a2200301 4500 | ||
|---|---|---|---|
| 008 | 090401t1996 xxu||||| |||| 00| 0 eng d | ||
| 020 | _a0752002163 | ||
| 035 | _a(Sirsi) u68414 | ||
| 041 | _aeng | ||
| 050 | _a346.41032 | ||
| 100 | _aTomlinson, Hugh | ||
| 245 | _aProperty finance negligence: claims against solicitors and valuers. | ||
| 260 |
_aLondon _bFT Law & Tax _c1996 |
||
| 300 | _axxv,261p. ; 24cm. | ||
| 350 | _a68 | ||
| 520 | _aCovers the scope of solicitors` and valuers` duties to lenders, damages, interest, limitation, contributory negligence, expert witnesses and procedure. | ||
| 650 | _aCONTRIBUTORY NEGLIGENCE | ||
| 650 | _aEXPERT WITNESSES | ||
| 650 | _aPROFESSIONAL NEGLIGENCE | ||
| 650 | _aPROPEETY FINANCE NEGLIGENCE | ||
| 650 | _aPROPERTY FINANCE | ||
| 650 |
_aValuation _96273 |
||
| 690 | _aMANAGEMENT-BUSINESS MANAGEMENT-PROFESSIONAL PRACTICE | ||
| 700 | _aSeitler, Jonathan | ||
| 700 | _aGrant, Thomas | ||
| 942 | _n0 | ||
| 948 | _c04/03/1997 | ||
| 999 |
_c95099 _d95099 |
||